000 00495nam a2200181 a 4500
005 20260322212051.0
008 data
010 _a75-33538
090 _aBF 723 .P25 B685
100 1 _aBraga, Joseph
245 1 0 _aChildren and adults :
_bactivities for growing together /
_cJoseph Braga.
260 _aEnglewood Cliffs, N.J.
_bPrentice-Hall
_cc1976
300 _ax, 310 p. :
_b ill
500 _aBibliography: p. [281]-295
500 _aIncludes index
650 4 _aParent and child.
001 data
999 _c1216
_d1216